000 00425nam a22001817a 4500
003 MPLRDC
005 20220104142726.0
008 210129b ||||| |||| 00| 0 eng d
082 _a848.2 OYZ-5
100 _a欧阳子著
245 _a移植的樱花
_c
250 _a四版
260 _a
_b尔雅出版社
_c1984
300 _b
490 _a尔雅丛书;37
650 _a现代别集
942 _cBK
_o848.2 OYZ-5
999 _c33207
_d33197